000 00251nam a2200097Ia 4500
001 1207423
005 20250827022825.0
008 250824s9999 xx 000 0 und d
245 0 _aDÜŞÜN VE BAŞAR
_cMUHAMMED BOZDAĞ
260 _bYEDİVEREN YAYINLARI
999 _c1207423
_d1207423